<?xml version="1.0" encoding="UTF-8"?><?xml-stylesheet type="text/xsl" href="static/style.xsl"?><OAI-PMH xmlns="http://www.openarchives.org/OAI/2.0/" xmlns:xsi="http://www.w3.org/2001/XMLSchema-instance" xsi:schemaLocation="http://www.openarchives.org/OAI/2.0/ http://www.openarchives.org/OAI/2.0/OAI-PMH.xsd"><responseDate>2026-04-18T00:14:14Z</responseDate><request verb="GetRecord" identifier="oai:www.recercat.cat:20.500.12694/7123" metadataPrefix="marc">https://recercat.cat/oai/request</request><GetRecord><record><header><identifier>oai:recercat.cat:20.500.12694/7123</identifier><datestamp>2025-12-18T12:09:47Z</datestamp><setSpec>com_2072_179042</setSpec><setSpec>col_2072_484474</setSpec></header><metadata><record xmlns="http://www.loc.gov/MARC21/slim" xmlns:dcterms="http://purl.org/dc/terms/" xmlns:xsi="http://www.w3.org/2001/XMLSchema-instance" xmlns:doc="http://www.lyncode.com/xoai" xsi:schemaLocation="http://www.loc.gov/MARC21/slim http://www.loc.gov/standards/marcxml/schema/MARC21slim.xsd">
   <leader>00925njm 22002777a 4500</leader>
   <datafield ind2=" " ind1=" " tag="042">
      <subfield code="a">dc</subfield>
   </datafield>
   <datafield ind2=" " ind1=" " tag="720">
      <subfield code="a">Falcó, Anaís</subfield>
      <subfield code="e">author</subfield>
   </datafield>
   <datafield ind2=" " ind1=" " tag="260">
      <subfield code="c">2011-12-20</subfield>
   </datafield>
   <datafield ind2=" " ind1=" " tag="520">
      <subfield code="a">El tema en què se situa aquest projecte és el de “música i festa”. El cas documentat i analitzat és el de la festa de Sant Sebastià de Cadaqués (Catalunya), que se celebra el 20 de gener, principalment a l’ermita situada a la muntanya del Pení. Se n’estudien els tres elements musicals principals, relacionant-los amb el tot de la festa: la missa, les sardanes i les patacades, un ball en el qual es canten sàtires. L’objectiu principal del projecte és veure si, per com es realitzen i es conceben la música i el ball, l’esdeveniment té més característiques de la festa, entenent aquesta com un camp d’estudi divers.</subfield>
   </datafield>
   <datafield ind2=" " ind1=" " tag="520">
      <subfield code="a">El tema en que se sitúa este proyecto es el de “música y fiesta”. El caso documentado y analizado es el de la fiesta de Sant Sebastià de Cadaqués (Catalunya), que se celebra el 20 de enero, principalmente en la ermita situada en la montaña del Pení. Se estudian los tres elementos musicales principales, relacionándolos con el conjunto de la fiesta: la misa, las sardanes y las patacades, un baile en el que se cantan sátiras. El objetivo principal del proyecto es ver si, por cómo se realizan y se conciben la música y el baile, el evento tiene más características de la fiesta, entendiendo esta como un campo de estudio diverso.</subfield>
   </datafield>
   <datafield ind2=" " ind1=" " tag="520">
      <subfield code="a">The project deals with how music and the feast are connected. I have documented and analysed it at the Sant Sebastià festival in Cadaqués, Catalonia. The event takes place on January 20th and is located in and around a little church on Pení Mountain. I have studied the three main musical elements, connecting them with the meaning of the feast in its whole dimension: the ceremony of the mass, the sardanes, and the patacades — a folk dance where people traditionally sing satirical lines. The main aim of this project is to observe if, according to how music and dance are conceived, the event has a special characteristic of the feast, understanding the feast as a diverse research field.</subfield>
   </datafield>
   <datafield ind1="8" ind2=" " tag="024">
      <subfield code="a">http://hdl.handle.net/20.500.12694/7123</subfield>
   </datafield>
   <datafield tag="653" ind2=" " ind1=" ">
      <subfield code="a">TFG Jazz i música moderna</subfield>
   </datafield>
   <datafield tag="653" ind2=" " ind1=" ">
      <subfield code="a">Musicologia</subfield>
   </datafield>
   <datafield tag="653" ind2=" " ind1=" ">
      <subfield code="a">Etnomusicologia</subfield>
   </datafield>
   <datafield tag="653" ind2=" " ind1=" ">
      <subfield code="a">Festes populars--Catalunya--Cadaqués</subfield>
   </datafield>
   <datafield tag="653" ind2=" " ind1=" ">
      <subfield code="a">Misses</subfield>
   </datafield>
   <datafield tag="653" ind2=" " ind1=" ">
      <subfield code="a">Sardanes</subfield>
   </datafield>
   <datafield tag="653" ind2=" " ind1=" ">
      <subfield code="a">Danses populars i nacionals, Música per a</subfield>
   </datafield>
   <datafield ind2="0" ind1="0" tag="245">
      <subfield code="a">Patacades, parenostres i sardanes: documentació i anàlisi de la festa de Sant Sebastià de Cadaquès</subfield>
   </datafield>
</record></metadata></record></GetRecord></OAI-PMH>